[Event "DEM U10/U10w 2008"]
[Site "Willingen GER"]
[Date "2008.05.16"]
[Round "10"]
[White "Riehle, Marco"]
[Black "Riasanow, Nikita"]
[Result "1-0"]
[Termination "normal"]
[Board "25"]
[WhiteElo "1000"]
[BlackElo "1259"]
[PlyCount "101"]
[WhiteFideId "12904392"]
[EventCountry "GER"]
[EventRounds "11"]
[EventType "swiss"]
[EventDate "2008.05.10"]

1. e4 e6 2. d4 d5 3. exd5 exd5 4. c4 c6 5. Nc3 Nf6 6. Nf3 Be7 7. Bd3 O-O 8. O-O
Bg4 9. Bf4 Nbd7 10. cxd5 cxd5 11. Be2 Rc8 12. Qd3 Nb6 13. Rac1 Bh5 14. Nd1 Bg6
15. Qb3 Bd6 16. Rxc8 Nxc8 17. Bxd6 Qxd6 18. Qxb7 Qe6 19. Nc3 Ne4 20. Qxd5 Qe7
21. Nxe4 Bxe4 22. Qb3 Rd8 23. Rd1 Bxf3 24. Qxf3 Qb4 25. Qc3 Qe7 26. Re1 Re8 27.
h3 h6 28. Kf1 Nd6 29. Bd3 Qd7 30. Rxe8+ Nxe8 31. Qc4 Nd6 32. Qd5 Qa4 33. Qa8+
Ne8 34. b3 Qd7 35. a4 a6 36. Bxa6 Kh7 37. Bb5 Qxd4 38. Qxe8 Qd1+ 39. Qe1 Qxb3
40. Qe4+ g6 41. f4 Qd1+ 42. Qe1 Qd4 43. g3 Qd5 44. Be8 Qc4+ 45. Qe2 Qxa4 46.
Bxa4 Kg7 47. Qe5+ Kg8 48. Qf6 Kh7 49. Qxf7+ Kh8 50. Bb3 g5 51. Qg8# 1-0

[Event "DEM U10/U10w 2008"]
[Site "Willingen GER"]
[Date "2008.05.16"]
[Round "10"]
[White "Schmekel, Florian"]
[Black "Greßmann, Moritz"]
[Result "0-1"]
[Termination "normal"]
[Board "26"]
[WhiteElo "1182"]
[BlackElo "1172"]
[PlyCount "60"]
[WhiteFideId "12913456"]
[BlackFideId "24695084"]
[EventCountry "GER"]
[EventRounds "11"]
[EventType "swiss"]
[EventDate "2008.05.10"]

1. e4 e5 2. Nf3 Nc6 3. Bc4 Nf6 4. d3 Bc5 5. Nc3 h6 6. Be3 Bb6 7. Qd2 d6 8.
O-O-O Bg4 9. h3 Be6 10. Bb3 Qe7 11. d4 exd4 12. Nxd4 Nxd4 13. Bxd4 Ba5 14. f3
a6 15. e5 dxe5 16. Bxe5 O-O 17. Qf2 Bxb3 18. Bxf6 Qxf6 19. Ne4 Qf4+ 20. Kb1 Bb6
21. Qe2 Ba4 22. g3 Qe5 23. Qc4 Bb5 24. Qb3 Bc6 25. Rhe1 Bxe4 26. fxe4 Bf2 27.
Re2 Qxg3 28. Qxb7 Bd4 29. Red2 Rfb8 30. Qd5 Bxb2 0-1

[Event "DEM U10/U10w 2008"]
[Site "Willingen GER"]
[Date "2008.05.16"]
[Round "10"]
[White "Storch, Domenic"]
[Black "Janke, Hendrik"]
[Result "1-0"]
[Termination "normal"]
[Board "27"]
[WhiteElo "1338"]
[BlackElo "999"]
[PlyCount "55"]
[WhiteFideId "16200470"]
[BlackFideId "12921831"]
[EventCountry "GER"]
[EventRounds "11"]
[EventType "swiss"]
[EventDate "2008.05.10"]

1. d4 d5 2. c4 dxc4 3. e4 b5 4. a4 Nc6 5. Be3 Nf6 6. f3 e6 7. axb5 Bb4+ 8. Nc3
Na5 9. b6 axb6 10. Qa4+ Bd7 11. Qxb4 Rc8 12. Bxc4 Nc6 13. Qa3 Ne7 14. Nge2 O-O
15. O-O Bc6 16. e5 Ra8 17. Qb3 Nfd5 18. Nxd5 Bxd5 19. Bxd5 Nxd5 20. Nf4 Nxf4
21. Bxf4 Qxd4+ 22. Be3 Qxe5 23. Rxa8 Rxa8 24. Qc3 Qxc3 25. bxc3 Ra3 26. Rd1 Kf8
27. Rc1 b5 28. Bc5+ 1-0

[Event "DEM U10/U10w 2008"]
[Site "Willingen GER"]
[Date "2008.05.16"]
[Round "10"]
[White "Hemprich, Iustus"]
[Black "Mann, Jonas"]
[Result "1-0"]
[Termination "normal"]
[Board "28"]
[WhiteElo "1184"]
[BlackElo "1081"]
[PlyCount "55"]
[BlackFideId "12900214"]
[EventCountry "GER"]
[EventRounds "11"]
[EventType "swiss"]
[EventDate "2008.05.10"]

1. e4 c5 2. Nf3 d6 3. Bb5+ Bd7 4. Bxd7+ Qxd7 5. c3 Nf6 6. Qe2 Nc6 7. d4 cxd4 8.
cxd4 e6 9. O-O Be7 10. Nc3 d5 11. exd5 Nxd5 12. Re1 O-O 13. Bg5 Rac8 14. Bxe7
Qxe7 15. Nxd5 Qd6 16. Nc3 Nxd4 17. Nxd4 Qxd4 18. Red1 Qf6 19. Rac1 Rfd8 20.
Rxd8+ Rxd8 21. Rd1 h6 22. Rxd8+ Qxd8 23. h3 Qa5 24. Qb5 Qc7 25. Qd3 a5 26. Qg3
Qc5 27. Qb8+ Kh7 28. Qxb7 1-0

[Event "DEM U10/U10w 2008"]
[Site "Willingen GER"]
[Date "2008.05.16"]
[Round "10"]
[White "Titgemeyer, Eva Maria"]
[Black "Moses, Selina"]
[Result "1/2-1/2"]
[Termination "normal"]
[Board "29"]
[WhiteElo "1180"]
[BlackElo "954"]
[PlyCount "109"]
[WhiteFideId "24655350"]
[BlackFideId "12908070"]
[EventCountry "GER"]
[EventRounds "11"]
[EventType "swiss"]
[EventDate "2008.05.10"]

1. e4 e5 2. Nf3 d6 3. d4 Nd7 4. Nc3 Be7 5. Bc4 c6 6. d5 Ngf6 7. O-O O-O 8. b4
c5 9. bxc5 Nxc5 10. Nb5 Ncxe4 11. Re1 a6 12. Na3 Bf5 13. Nb1 Qb6 14. Be3 Qc7
15. Bd3 Nxd5 16. Bc1 Nec3 17. Nxc3 Nxc3 18. Qd2 Bxd3 19. Qxd3 Rac8 20. Nd2 Bg5
21. Qg3 Bf4 22. Qf3 Qc6 23. Qxc6 Rxc6 24. g3 Bxd2 25. Bxd2 Rfc8 26. Re3 f6 27.
Rd3 Ne4 28. Be3 Rxc2 29. f3 R8c3 30. Rxc3 Nxc3 31. f4 Nxa2 32. Rd1 Re2 33. Bf2
Nc3 34. Rxd6 Ne4 35. Rd8+ Kf7 36. Rd7+ Ke6 37. Rxb7 Rxf2 38. Rb6+ Kf5 39. Rxa6
Kg4 40. Ra4 Kh3 41. Rxe4 Rxh2 42. fxe5 fxe5 43. Rxe5 Kxg3 44. Rg5+ Kf4 45. Rxg7
Rh4 46. Kf2 h5 47. Rf7+ Kg4 48. Rg7+ Kf5 49. Kg3 Rh1 50. Rf7+ Kg6 51. Kg2 Ra1
52. Rc7 Ra6 53. Rc5 Rf6 54. Kg3 Rf5 55. Rxf5 1/2-1/2

[Event "DEM U10/U10w 2008"]
[Site "Willingen GER"]
[Date "2008.05.16"]
[Round "10"]
[White "Damm, Nils"]
[Black "Gerken, Frieso"]
[Result "1-0"]
[Termination "normal"]
[Board "30"]
[WhiteElo "1109"]
[BlackElo "878"]
[PlyCount "103"]
[WhiteFideId "24693065"]
[BlackFideId "1270505"]
[EventCountry "GER"]
[EventRounds "11"]
[EventType "swiss"]
[EventDate "2008.05.10"]

1. e4 e5 2. Nf3 Nc6 3. d4 exd4 4. Bc4 Nf6 5. e5 d5 6. Bb5 Ne4 7. Nxd4 Bd7 8.
Bxc6 Bxc6 9. Nxc6 bxc6 10. O-O Bc5 11. Be3 O-O 12. Qd3 f6 13. Bxc5 Nxc5 14. Qc3
Ne4 15. Qxc6 fxe5 16. c4 Rf6 17. Qxd5+ Qxd5 18. cxd5 Rd6 19. f3 Nf6 20. Na3 Rb8
21. b3 Rxd5 22. Rfe1 Rb6 23. Rac1 c5 24. Nc4 Ra6 25. Ne3 Rd2 26. Rxc5 Nd7 27.
Rc8+ Kf7 28. a4 Rb6 29. Nc4 Rdd6 30. Nxd6+ Rxd6 31. Rc7 Ke6 32. Rxa7 Rb6 33. a5
Rxb3 34. Ra1 Nc5 35. a6 Rb6 36. Ra8 Kd7 37. a7 Ra6 38. Rxa6 Nxa6 39. Rd8+ Kxd8
40. a8=Q+ Kc7 41. Qxa6 g5 42. Kf2 h5 43. g4 hxg4 44. fxg4 e4 45. Ke3 Kb8 46.
Kxe4 Kc7 47. Kd5 Kb8 48. Qh6 Kc7 49. Qc6+ Kd8 50. Qb7 Ke8 51. Ke6 Kf8 52. Qf7#
1-0

[Event "DEM U10/U10w 2008"]
[Site "Willingen GER"]
[Date "2008.05.16"]
[Round "10"]
[White "Braun, Nicklas Stefan"]
[Black "Heinemann, Josefine"]
[Result "1/2-1/2"]
[Termination "normal"]
[Board "31"]
[WhiteElo "1097"]
[BlackElo "941"]
[PlyCount "53"]
[BlackFideId "12900460"]
[EventCountry "GER"]
[EventRounds "11"]
[EventType "swiss"]
[EventDate "2008.05.10"]

1. e4 e5 2. Nf3 Nc6 3. Bc4 Bc5 4. d3 Nf6 5. c3 a6 6. O-O d6 7. h3 h6 8. Re1 O-O
9. Nbd2 b5 10. Bb3 Bd7 11. Nf1 Qb8 12. Ng3 Qb6 13. Re2 a5 14. Be3 Bxe3 15. Rxe3
a4 16. Bc2 Rad8 17. d4 exd4 18. cxd4 Nb4 19. a3 Nxc2 20. Qxc2 Rc8 21. Rd1 Bc6
22. Rc3 Bb7 23. Rc1 c6 24. Nf5 Qc7 25. b3 axb3 26. Rxb3 d5 27. exd5 1/2-1/2

[Event "DEM U10/U10w 2008"]
[Site "Willingen GER"]
[Date "2008.05.16"]
[Round "10"]
[White "Hamacher, Emily"]
[Black "Marach, Jonas"]
[Result "1-0"]
[Termination "normal"]
[Board "32"]
[WhiteElo "847"]
[BlackElo "1000"]
[PlyCount "83"]
[BlackFideId "1270493"]
[EventCountry "GER"]
[EventRounds "11"]
[EventType "swiss"]
[EventDate "2008.05.10"]

1. e4 e5 2. Nc3 Nf6 3. f4 d6 4. Nf3 Nc6 5. Bc4 Be7 6. h3 Be6 7. d3 Bxc4 8. dxc4
Qd7 9. O-O Qe6 10. Nd5 Qd7 11. Ng5 h6 12. Nf3 Nxe4 13. Qd3 Nc5 14. Qe3 O-O-O
15. b4 Ne6 16. f5 Ned4 17. b5 Nxf3+ 18. Rxf3 Nd4 19. Rf1 b6 20. Qe4 Kb8 21. c3
c6 22. Ne3 Ne2+ 23. Kf2 Nxc3 24. Qc2 d5 25. bxc6 Qxc6 26. cxd5 Qc8 27. Bd2 Nb5
28. Qb3 Nd4 29. Qb2 Nxf5 30. Qxe5+ Rd6 31. Nxf5 Qc5+ 32. Be3 Qc2+ 33. Kg1 f6
34. Qxe7 Rdd8 35. Rfc1 Qxf5 36. Qc7+ Ka8 37. a4 Rc8 38. Qxg7 Rhg8 39. Rxc8+
Qxc8 40. Qxf6 Qxh3 41. Qc6+ Kb8 42. Bf4# 1-0

[Event "DEM U10/U10w 2008"]
[Site "Willingen GER"]
[Date "2008.05.16"]
[Round "10"]
[White "Buttgereit, Vincent"]
[Black "Weber, Sandra"]
[Result "0-1"]
[Termination "normal"]
[Board "33"]
[WhiteElo "928"]
[BlackElo "1195"]
[PlyCount "62"]
[BlackFideId "1270049"]
[EventCountry "GER"]
[EventRounds "11"]
[EventType "swiss"]
[EventDate "2008.05.10"]

1. e4 e5 2. Nf3 Nc6 3. Bc4 Nf6 4. Ng5 d5 5. exd5 Nxd5 6. Nxf7 Kxf7 7. Qf3+ Ke6
8. Nc3 Nce7 9. b3 c6 10. O-O b5 11. Qg4+ Kd6 12. Qe4 bxc4 13. Qxc4 Nxc3 14.
dxc3 Kc7 15. Ba3 Qd5 16. Qb4 Ng6 17. Qa4 Nf4 18. f3 Ne2+ 19. Kh1 Nxc3 20. Qh4
Bxa3 21. Qg3 Rg8 22. f4 Ne2 23. Qh4 Nxf4 24. Rf2 Bh3 25. Rg1 h6 26. c4 Qe4 27.
Rxf4 Bxg2+ 28. Rxg2 Qxf4 29. Qh5 Rad8 30. c5 Bxc5 31. Qg6 Rd1+ 0-1

[Event "DEM U10/U10w 2008"]
[Site "Willingen GER"]
[Date "2008.05.16"]
[Round "10"]
[White "von Ehr, Lukas"]
[Black "Boes, Julian"]
[Result "1-0"]
[Termination "normal"]
[Board "34"]
[WhiteElo "1190"]
[BlackElo "966"]
[PlyCount "139"]
[BlackFideId "12907723"]
[EventCountry "GER"]
[EventRounds "11"]
[EventType "swiss"]
[EventDate "2008.05.10"]

1. e4 e6 2. d4 d5 3. exd5 exd5 4. Nf3 Nf6 5. c4 c6 6. Nc3 Bd6 7. Bd3 Bg4 8. O-O
O-O 9. b3 Qc7 10. Bg5 Nbd7 11. cxd5 cxd5 12. Nb5 Qb8 13. Nxd6 Qxd6 14. h3 Be6
15. a3 h6 16. Bd2 Qc7 17. Rc1 Qd8 18. Bb4 Re8 19. Bd6 Rc8 20. Qd2 Qb6 21. Bb4
Rxc1 22. Rxc1 a6 23. Nh2 Nh7 24. Ng4 Bxg4 25. hxg4 Nhf6 26. Bf5 Ne4 27. Qd3 a5
28. Bxd7 Rd8 29. Bc5 Qc7 30. Bf5 b6 31. Bxe4 dxe4 32. Qxe4 bxc5 33. Rxc5 Qb6
34. Qd3 g6 35. Rb5 Rxd4 36. Rxb6 Rxd3 37. Rb5 Kf8 38. Rxa5 Rxb3 39. Ra7 Rb1+
40. Kh2 Rb2 41. Kg3 Rb3+ 42. f3 Ke8 43. a4 Ra3 44. a5 f6 45. Ra6 Ke7 46. Ra8
Kd7 47. a6 Kc7 48. a7 Kb7 49. Rg8 g5 50. Rg6 Ra6 51. Rxh6 Kxa7 52. Rh7+ Kb8 53.
Rh1 Kc8 54. Rf1 Kd8 55. f4 Ke7 56. fxg5 fxg5 57. Rf5 Rg6 58. Kf3 Ke6 59. Ke4
Kd6 60. Ra5 Ke6 61. Ra6+ Kf7 62. Rxg6 Kxg6 63. Ke5 Kg7 64. Kf5 Kf7 65. Kxg5 Kg7
66. g3 Kh7 67. Kf6 Kg8 68. g5 Kf8 69. g6 Kg8 70. g7 1-0

[Event "DEM U10/U10w 2008"]
[Site "Willingen GER"]
[Date "2008.05.16"]
[Round "10"]
[White "Baberz, Alexander"]
[Black "Kempe, Anne"]
[Result "1/2-1/2"]
[Termination "normal"]
[Board "35"]
[WhiteElo "984"]
[BlackElo "1103"]
[PlyCount "74"]
[WhiteFideId "12921734"]
[BlackFideId "12918083"]
[EventCountry "GER"]
[EventRounds "11"]
[EventType "swiss"]
[EventDate "2008.05.10"]

1. d4 d5 2. Nf3 e6 3. c4 Nf6 4. Nc3 c6 5. Bg5 Nbd7 6. e3 Qa5 7. a3 dxc4 8. Bxc4
Ne4 9. b4 Qf5 10. Bd3 Nxc3 11. Bxf5 Nxd1 12. Bxe6 fxe6 13. Rxd1 Bd6 14. O-O O-O
15. e4 e5 16. dxe5 Bxe5 17. Nxe5 Nxe5 18. f4 Nc4 19. Rd3 Bg4 20. Rg3 h6 21.
Bxh6 gxh6 22. Rxg4+ Kf7 23. Rf3 Rg8 24. Rgg3 Nd2 25. Rd3 Nxe4 26. Rd7+ Ke6 27.
Rxg8 Rxg8 28. Rxb7 Rd8 29. h3 Kf5 30. Rxa7 Kxf4 31. Kf1 Ng3+ 32. Kf2 Rd2+ 33.
Ke1 Rxg2 34. Rf7+ Kg5 35. a4 Rb2 36. Rb7 c5 37. Rg7+ Kf4 1/2-1/2

[Event "DEM U10/U10w 2008"]
[Site "Willingen GER"]
[Date "2008.05.16"]
[Round "10"]
[White "Altstadt, Karl-Simon"]
[Black "Sadjjadi, Anahita"]
[Result "1/2-1/2"]
[Termination "normal"]
[Board "38"]
[WhiteElo "1177"]
[BlackElo "863"]
[PlyCount "101"]
[WhiteFideId "24696676"]
[EventCountry "GER"]
[EventRounds "11"]
[EventType "swiss"]
[EventDate "2008.05.10"]

1. e4 d5 2. exd5 Qxd5 3. Nc3 Qa5 4. Bc4 c6 5. Nf3 Bg4 6. O-O Nf6 7. d3 e6 8.
Bf4 Bb4 9. Bd2 Nbd7 10. a3 Be7 11. Nd5 Qd8 12. Ne3 Bh5 13. Bc3 O-O 14. d4 h6
15. Be2 Qc7 16. Nd2 Bxe2 17. Qxe2 Qf4 18. Rae1 Bd6 19. g3 Qg5 20. Nf3 Qg6 21.
Nh4 Qh7 22. Ng4 Be7 23. Rc1 Rad8 24. Rfd1 a6 25. a4 Nb6 26. Ba5 Nfd5 27. c4 Bg5
28. Rb1 Nxa4 29. Bxd8 Ndc3 30. bxc3 Nxc3 31. Qe5 Nxd1 32. Rxd1 Rxd8 33. Qe3 b5
34. cxb5 cxb5 35. Qd3 Bxh4 36. Qxh7+ Kxh7 37. gxh4 b4 38. Rb1 Rb8 39. Ne3 a5
40. Kf1 a4 41. Nc4 a3 42. Nxa3 b3 43. Ke2 Kg6 44. Kd3 Kh5 45. Rg1 b2 46. Kc2 g6
47. Nc4 Rc8 48. Kd3 Rb8 49. Kc2 Rc8 50. Kd3 Rb8 51. Kc2 1/2-1/2

[Event "DEM U10/U10w 2008"]
[Site "Willingen GER"]
[Date "2008.05.16"]
[Round "10"]
[White "Döpper, Anna Berenice"]
[Black "Borrink, Guido"]
[Result "1/2-1/2"]
[Termination "normal"]
[Board "40"]
[WhiteElo "858"]
[BlackElo "1098"]
[PlyCount "52"]
[WhiteFideId "1271853"]
[BlackFideId "1270502"]
[EventCountry "GER"]
[EventRounds "11"]
[EventType "swiss"]
[EventDate "2008.05.10"]

1. e4 e6 2. d4 d5 3. exd5 exd5 4. Nf3 Bd6 5. Bd3 Ne7 6. O-O O-O 7. Nc3 c6 8.
Ng5 Bf5 9. b3 Bxd3 10. Qxd3 Ng6 11. Qh3 h6 12. Nf3 Nd7 13. Bb2 Nf6 14. Rfe1 Qc7
15. Rad1 Rfe8 16. a4 Bb4 17. Rxe8+ Rxe8 18. Na2 Bd6 19. c4 Re2 20. Rd2 Bxh2+
21. Qxh2 Qxh2+ 22. Kxh2 Re8 23. cxd5 Nxd5 24. Kg1 f6 25. Rd1 Kh7 26. Re1 Nge7
1/2-1/2

[Event "DEM U10/U10w 2008"]
[Site "Willingen GER"]
[Date "2008.05.16"]
[Round "10"]
[White "Schröder, Janina"]
[Black "Hümmecke, Sarah"]
[Result "0-1"]
[Termination "normal"]
[Board "42"]
[WhiteElo "738"]
[BlackElo "997"]
[PlyCount "86"]
[WhiteFideId "24693138"]
[EventCountry "GER"]
[EventRounds "11"]
[EventType "swiss"]
[EventDate "2008.05.10"]

1. e4 e5 2. Nf3 Nc6 3. Bc4 Nf6 4. Ng5 d5 5. exd5 Nd4 6. c3 Nf5 7. d4 exd4 8.
cxd4 Bd6 9. Nc3 O-O 10. O-O h6 11. Nf3 Bd7 12. Ne5 Re8 13. Re1 a6 14. Qf3 b5
15. Bd3 Nxd4 16. Re4 Nxf3+ 17. gxf3 Nxe4 18. Nxe4 Bxe5 19. f4 Bf6 20. f3 Bd4+
21. Kf1 Bh3+ 22. Ke2 f5 23. Kd2 fxe4 24. fxe4 Qh4 25. Kc2 Qf2+ 26. Bd2 Be3 27.
Rd1 Bxd2 28. Rxd2 Qxf4 29. a3 Qd6 30. Kb1 Qc5 31. Rc2 Qg1+ 32. Rc1 Qxh2 33. Rc2
Qe5 34. Rc5 Rf8 35. Rc1 Qd4 36. Be2 Qxe4+ 37. Rc2 Qxd5 38. a4 Bf1 39. Bxf1
Rxf1+ 40. Rc1 Qe4+ 41. Ka2 Rxc1 42. b3 b4 43. Kb2 Qc2# 0-1

[Event "DEM U10/U10w 2008"]
[Site "Willingen GER"]
[Date "2008.05.16"]
[Round "10"]
[White "Reksten, Lisa"]
[Black "Hälterlein, Anna"]
[Result "1/2-1/2"]
[Termination "normal"]
[Board "43"]
[WhiteElo "936"]
[BlackElo "841"]
[PlyCount "56"]
[EventCountry "GER"]
[EventRounds "11"]
[EventType "swiss"]
[EventDate "2008.05.10"]

1. e4 e5 2. Nf3 Nc6 3. Bb5 Nf6 4. O-O Bc5 5. Nxe5 Nxe5 6. d4 Bd6 7. dxe5 Bxe5
8. f3 O-O 9. Bg5 d6 10. Nc3 h6 11. Bh4 Bd7 12. Bc4 Qe7 13. Nd5 Qd8 14. Rb1 c6
15. Ne3 Qb6 16. Bf2 Qb4 17. c3 Qa5 18. Be1 Be6 19. Bb3 Bf4 20. Nc4 Qh5 21. Bg3
Bxg3 22. hxg3 d5 23. Ne3 dxe4 24. fxe4 Qg5 25. Qe1 Rad8 26. Bc2 Nh5 27. Rf3 a6
28. a3 Rd7 1/2-1/2

[Event "DEM U10/U10w 2008"]
[Site "Willingen GER"]
[Date "2008.05.16"]
[Round "10"]
[White "Müller, Max"]
[Black "Oelfke, Nils Lukas"]
[Result "0-1"]
[Termination "normal"]
[Board "44"]
[WhiteElo "800"]
[BlackElo "921"]
[PlyCount "60"]
[WhiteFideId "12900486"]
[EventCountry "GER"]
[EventRounds "11"]
[EventType "swiss"]
[EventDate "2008.05.10"]

1. e4 e5 2. Nf3 Nc6 3. Bc4 Nf6 4. d3 Be7 5. O-O O-O 6. Nc3 h6 7. Nh4 Nxe4 8.
dxe4 Bxh4 9. Qh5 Na5 10. Bb3 Nxb3 11. axb3 d6 12. Bxh6 gxh6 13. Qxh6 Qf6 14.
Qxf6 Bxf6 15. Nd5 Bd8 16. Rae1 c6 17. Nc3 Bg5 18. Rd1 Rd8 19. Rd3 f6 20. Rg3
Kf7 21. Rd1 Be6 22. Rdd3 d5 23. Rdf3 dxe4 24. Rxg5 exf3 25. Rg3 fxg2 26. Rxg2
Rg8 27. Rxg8 Rxg8+ 28. Kh1 Bf5 29. Ne2 Be4+ 30. f3 Bxf3# 0-1

[Event "DEM U10/U10w 2008"]
[Site "Willingen GER"]
[Date "2008.05.16"]
[Round "10"]
[White "Wagner, Swenja"]
[Black "Wallat, Jessica"]
[Result "0-1"]
[Termination "normal"]
[Board "46"]
[WhiteElo "832"]
[BlackElo "760"]
[PlyCount "64"]
[WhiteFideId "12900494"]
[BlackFideId "12909637"]
[EventCountry "GER"]
[EventRounds "11"]
[EventType "swiss"]
[EventDate "2008.05.10"]

1. e4 e5 2. Nf3 Nf6 3. Nc3 Nc6 4. Bc4 h6 5. d3 Bb4 6. Bd2 O-O 7. a3 Ba5 8. Nd5
d6 9. Bxa5 Nxa5 10. Bb5 c6 11. Nxf6+ Qxf6 12. Ba4 c5 13. Qd2 b6 14. b4 Nb7 15.
Bc6 Rb8 16. Bxb7 Bxb7 17. bxc5 dxc5 18. O-O Rfe8 19. a4 Rbd8 20. Rfb1 c4 21. a5
Rd6 22. axb6 axb6 23. Ra7 Bxe4 24. Qe3 Bd5 25. dxc4 Bxc4 26. Nd2 Qg6 27. Nxc4
Rd4 28. Nxe5 Qf5 29. Qxd4 Rxe5 30. h3 Re2 31. Qd3 Qxf2+ 32. Kh1 Qxg2# 0-1